[Event "20th Bosna it"]
[Site "Sarajevo YUG"]
[Date "1981.03.26"]
[Round "8"]
[White "Cekro, Ekrem"]
[Black "Langeweg, Christian"]
[Result "1/2-1/2"]
[WhiteElo "2350"]
[BlackElo "2455"]
[EventDate "1981.03.18"]
[PlyCount "60"]

1.c4 c5 2.Nc3 g6 3.g3 Bg7 4.Bg2 Nc6 5.e3 e5 6.Nge2 Nge7 7.O-O O-O 8.a3 d6 
9.Rb1 Be6 10.Nd5 Rb8 11.b4 cxb4 12.axb4 b5 13.Nxe7+ Nxe7 14.cxb5 Rxb5 15.
Nc3 Rb8 16.Qa4 Bc4 17.Rd1 Bd3 18.Ra1 d5 19.Ba3 Rb7 20.Rac1 a6 21.Qa5 e4 
22.Na4 Bb5 23.Nc5 Rb6 24.Na4 Rb8 25.Nc3 Bxc3 26.Rxc3 Nc6 27.Qxd8 Rfxd8 28.
Rdc1 Ne5 29.Rc7 Nc4 30.Ra1 Rdc8 1/2-1/2

[Event "20th Bosna it"]
[Site "Sarajevo YUG"]
[Date "1981.03.26"]
[Round "8"]
[White "Csom, Istvan"]
[Black "Kelecevic, Nedeljko"]
[Result "1/2-1/2"]
[WhiteElo "2500"]
[BlackElo "2400"]
[EventDate "1981.03.18"]
[PlyCount "152"]

1.c4 Nf6 2.Nf3 e6 3.b3 d5 4.Bb2 Be7 5.cxd5 exd5 6.e3 Bg4 7.Be2 Nbd7 8.d3 
O-O 9.O-O Re8 10.Nbd2 Bd6 11.a3 a5 12.Re1 c6 13.Qc2 Bxf3 14.Nxf3 Ne5 15.
Nxe5 Bxe5 16.Bxe5 Rxe5 17.d4 Re6 18.b4 Ne4 19.Bd3 h5 20.Rab1 axb4 21.axb4 
Ra3 22.b5 Rc3 23.Qe2 g6 24.bxc6 bxc6 25.Rec1 Qa5 26.Qe1 Rxc1 27.Qxc1 Qc7 
28.Rb2 Nf6 29.Rc2 Qd6 30.h3 Kg7 31.Ra2 Re7 32.Ra6 Rc7 33.Qc3 g5 34.Qb2 Qd7
35.Qb8 Qc8 36.Qxc8 Rxc8 37.Bf5 Rc7 38.Ra5 Ng8 39.Bc2 Ne7 40.Kf1 Rb7 41.Ke2
Kf6 42.Kd2 Rb8 43.g3 Ke6 44.Ra1 Rg8 45.Ke2 Rb8 46.Ra2 f5 47.Ra1 Rb2 48.Kd2
Rb8 49.Ra7 Kd6 50.Bd1 g4 51.h4 Ke6 52.Bc2 Kd6 53.Kc3 Ke6 54.Bd3 Kd6 55.Kc2
Ke6 56.Be2 Kd6 57.Ba6 Rb4 58.Bd3 Rb8 59.Kc3 Ke6 60.Ra1 Rf8 61.Ra2 Rb8 62.
Bc2 Kd6 63.Kd3 Ke6 64.Ke2 Kd6 65.Ra1 Ke6 66.Ra3 Nc8 67.Ra6 Ne7 68.Ke1 Kd6 
69.Kd1 Ke6 70.Kc1 Kd6 71.Ra1 Ke6 72.Ra2 Kd6 73.Kd1 Ke6 74.Ke2 Kd6 75.Ra1 
Rb2 76.Kd2 Rb5 1/2-1/2

[Event "20th Bosna it"]
[Site "Sarajevo YUG"]
[Date "1981.03.26"]
[Round "8"]
[White "Dizdarevic, Emir"]
[Black "Osmanovic, Kemal"]
[Result "1/2-1/2"]
[WhiteElo "2340"]
[BlackElo "2395"]
[EventDate "1981.03.18"]
[PlyCount "52"]

1.Nf3 c5 2.g3 g6 3.Bg2 Bg7 4.O-O Nc6 5.e4 d6 6.c3 e5 7.d3 Nge7 8.a3 a5 9.
a4 O-O 10.Na3 h6 11.Nd2 f5 12.Nb5 Be6 13.Nc4 Nc8 14.Qe2 f4 15.Kh1 g5 16.
Bf3 Qd7 17.g4 N6e7 18.b3 Ng6 19.Rg1 Nh4 20.Bb2 h5 21.gxh5 Nxf3 22.Qxf3 g4 
23.h6 Rf6 24.Qd1 Rxh6 25.d4 Qf7 26.Rg2 Qh5 1/2-1/2

[Event "20th Bosna it"]
[Site "Sarajevo YUG"]
[Date "1981.03.26"]
[Round "8"]
[White "Knezevic, Milorad"]
[Black "Psakhis, Lev"]
[Result "1/2-1/2"]
[WhiteElo "2500"]
[BlackElo "2500"]
[EventDate "1981.03.18"]
[PlyCount "26"]

1.d4 Nf6 2.Nf3 b6 3.Bg5 e6 4.e4 h6 5.Bxf6 Qxf6 6.Nbd2 Bb7 7.Bd3 Nc6 8.c3 
g5 9.e5 Qe7 10.Ne4 Bg7 11.Qe2 O-O-O 12.Ba6 d6 13.O-O-O Rhe8 1/2-1/2

[Event "20th Bosna it"]
[Site "Sarajevo YUG"]
[Date "1981.03.26"]
[Round "8"]
[White "Martinovic, Slobodan"]
[Black "Klaric, Zlatko"]
[Result "0-1"]
[WhiteElo "2475"]
[BlackElo "2465"]
[EventDate "1981.03.18"]
[PlyCount "76"]

1.e4 e5 2.Nf3 Nc6 3.Bb5 Nge7 4.O-O Ng6 5.d4 exd4 6.Nxd4 Bc5 7.Nb3 Bb6 8.
Nc3 a6 9.Be2 O-O 10.Kh1 d6 11.f4 f5 12.exf5 Bxf5 13.Nd5 Ba7 14.Be3 Bxe3 
15.Nxe3 Bd7 16.g3 Bh3 17.Re1 Qd7 18.Bf3 Rae8 19.Qd2 Kh8 20.Rad1 Qf7 21.c4 
Be6 22.Qc3 Nge5 23.Bd5 Nd7 24.Bg2 Nf6 25.Nd5 Ng4 26.Kg1 h5 27.c5 h4 28.
cxd6 cxd6 29.h3 Nh6 30.Rf1 Nf5 31.g4 Ng3 32.Rf2 Ne5 33.Rdd2 Ng6 34.f5 Bxd5
35.Bxd5 Qe7 36.Kh2 Qe1 37.Qc1 Qe5 38.Qc3 Nxf5+ 0-1

[Event "20th Bosna it"]
[Site "Sarajevo YUG"]
[Date "1981.03.27"]
[Round "9"]
[White "Arapovic, Vitomir"]
[Black "Knezevic, Milorad"]
[Result "1/2-1/2"]
[WhiteElo "2380"]
[BlackElo "2500"]
[EventDate "1981.03.18"]
[PlyCount "36"]

1.e4 e5 2.Nc3 Nf6 3.g3 Bc5 4.Bg2 d6 5.Nge2 a6 6.O-O Nc6 7.d3 O-O 8.Bg5 h6 
9.Bxf6 Qxf6 10.Nd5 Qd8 11.Qd2 Ne7 12.Nxe7+ Qxe7 13.Nc3 c6 14.Nd1 Kh8 15.
Ne3 Bxe3 16.fxe3 Be6 17.c4 Rad8 18.b4 f6 1/2-1/2

[Event "20th Bosna it"]
[Site "Sarajevo YUG"]
[Date "1981.03.27"]
[Round "9"]
[White "Klaric, Zlatko"]
[Black "Csom, Istvan"]
[Result "1/2-1/2"]
[WhiteElo "2465"]
[BlackElo "2500"]
[EventDate "1981.03.18"]
[PlyCount "67"]

1.Nf3 c5 2.c3 b6 3.e4 Bb7 4.e5 e6 5.d4 d5 6.Bd3 Qd7 7.Qe2 Nc6 8.O-O Nge7 
9.Bf4 cxd4 10.cxd4 Nb4 11.Bb5 Bc6 12.Nc3 Ng6 13.Bg3 a6 14.Bxc6 Nxc6 15.Qd3
Be7 16.Ne2 Bd8 17.Nf4 Nce7 18.h4 h5 19.Nxg6 Nxg6 20.Rfc1 O-O 21.Rc3 Be7 
22.Rac1 Rfc8 23.Qc2 Rxc3 24.Qxc3 Bd8 25.Qc2 Kf8 26.Ne1 Ra7 27.Qe2 Rc7 28.
Rxc7 Qxc7 29.Qxa6 Qc1 30.Qa8 Qxe1+ 31.Kh2 Ke8 32.Qc6+ Ke7 33.Qd6+ Ke8 34.
Qc6+ 1/2-1/2

[Event "20th Bosna it"]
[Site "Sarajevo YUG"]
[Date "1981.03.27"]
[Round "9"]
[White "Langeweg, Christian"]
[Black "Lukacs, Peter"]
[Result "1/2-1/2"]
[WhiteElo "2455"]
[BlackElo "2465"]
[EventDate "1981.03.18"]
[PlyCount "21"]

1.d4 Nf6 2.Nf3 e6 3.c4 b6 4.g3 Bb7 5.Bg2 Be7 6.O-O O-O 7.Nc3 Ne4 8.Nxe4 
Bxe4 9.Nh4 Bxg2 10.Nxg2 d5 11.Qa4 1/2-1/2

[Event "20th Bosna it"]
[Site "Sarajevo YUG"]
[Date "1981.03.27"]
[Round "9"]
[White "Osmanovic, Kemal"]
[Black "Martinovic, Slobodan"]
[Result "1/2-1/2"]
[WhiteElo "2395"]
[BlackElo "2475"]
[EventDate "1981.03.18"]
[PlyCount "30"]

1.g3 d5 2.Bg2 Nf6 3.d3 c5 4.Nf3 e6 5.O-O Be7 6.Nbd2 b6 7.e4 Bb7 8.Re1 Nc6 
9.c3 Qc7 10.Qe2 O-O-O 11.a3 h6 12.b4 g5 13.Nb3 dxe4 14.dxe4 g4 15.Nfd2 Ne5
1/2-1/2

[Event "20th Bosna it"]
[Site "Sarajevo YUG"]
[Date "1981.03.27"]
[Round "9"]
[White "Psakhis, Lev"]
[Black "Cekro, Ekrem"]
[Result "1/2-1/2"]
[WhiteElo "2500"]
[BlackElo "2350"]
[EventDate "1981.03.18"]
[PlyCount "79"]

1.c4 Nf6 2.b3 c5 3.Bb2 Nc6 4.Nf3 e6 5.g3 Be7 6.Bg2 O-O 7.O-O d5 8.e3 b6 9.
Qe2 Bb7 10.Rd1 Qc7 11.Nc3 Rad8 12.Rac1 Qb8 13.d3 Rfe8 14.h4 h6 15.cxd5 
Nxd5 16.Nxd5 exd5 17.d4 c4 18.bxc4 Ba6 19.e4 Bxc4 20.Rxc4 dxc4 21.Qxc4 Na5
22.Qe2 b5 23.d5 Bc5 24.e5 Nc4 25.Bc3 Qc8 26.Kh2 Nb6 27.Bh3 Qc7 28.Ba5 Qe7 
29.Qe4 Bxf2 30.d6 Rxd6 31.Rxd6 Qxd6 32.Bb4 Qd8 33.e6 fxe6 34.Bxe6+ Kh8 35.
Ne5 Rxe6 36.Nf7+ Kg8 37.Qxe6 Qd5 38.Qe8+ Kh7 39.Ng5+ hxg5 40.Qh5+ 1/2-1/2

[Event "20th Bosna it"]
[Site "Sarajevo YUG"]
[Date "1981.03.28"]
[Round "10"]
[White "Csom, Istvan"]
[Black "Osmanovic, Kemal"]
[Result "1-0"]
[WhiteElo "2500"]
[BlackElo "2395"]
[EventDate "1981.03.18"]
[PlyCount "61"]

1.d4 d5 2.Nf3 Nf6 3.g3 c5 4.Bg2 cxd4 5.O-O g6 6.Nxd4 Bg7 7.c4 O-O 8.cxd5 
Nxd5 9.Nc3 Nxc3 10.bxc3 Qa5 11.Qb3 Nc6 12.Be3 Qa6 13.Rab1 Nxd4 14.Bxd4 Rb8
15.Rb2 b6 16.Qb4 Bb7 17.Qxe7 Bxg2 18.Kxg2 Rfe8 19.Qd7 Bxd4 20.cxd4 Rxe2 
21.Rxe2 Qxe2 22.a4 Qe8 23.Qxa7 Qc6+ 24.Kg1 Ra8 25.Qe7 Rxa4 26.d5 Qc8 27.
Rd1 Ra2 28.Qf6 Qf5 29.Qd8+ Kg7 30.Qxb6 Qf3 31.Qd4+ 1-0

[Event "20th Bosna it"]
[Site "Sarajevo YUG"]
[Date "1981.03.28"]
[Round "10"]
[White "Dizdarevic, Emir"]
[Black "Langeweg, Christian"]
[Result "0-1"]
[WhiteElo "2340"]
[BlackElo "2455"]
[EventDate "1981.03.18"]
[PlyCount "88"]

1.c4 Nf6 2.Nf3 e6 3.g3 d5 4.Bg2 Be7 5.O-O O-O 6.d4 b6 7.Ne5 Bb7 8.Nc3 Na6 
9.cxd5 exd5 10.Nd3 Re8 11.Bg5 Ne4 12.Bxe7 Qxe7 13.Nf4 c6 14.e3 Nb8 15.Rc1 
Nd7 16.Nxe4 dxe4 17.Qa4 a5 18.Rfd1 Nf6 19.a3 Rad8 20.Qb3 Qc7 21.h4 Rd6 22.
Rc3 Qd8 23.Rdc1 g6 24.Qc2 Qe7 25.Qb3 Qd8 26.Qa2 Qe7 27.Qb1 h6 28.Bf1 g5 
29.Ng2 Nd5 30.R3c2 Rg6 31.h5 Rf6 32.b4 axb4 33.Bc4 Rd8 34.axb4 Nxb4 35.Rb2
c5 36.Ne1 Bc8 37.Be2 Bf5 38.Rb3 Ra8 39.Rd1 Qe6 40.dxc5 bxc5 41.Rc3 Qe5 42.
Rc4 Bh7 43.Bf1 Ra2 44.Rxb4 Rfxf2 0-1

[Event "20th Bosna it"]
[Site "Sarajevo YUG"]
[Date "1981.03.28"]
[Round "10"]
[White "Jansa, Vlastimil"]
[Black "Kelecevic, Nedeljko"]
[Result "1-0"]
[WhiteElo "2495"]
[BlackElo "2400"]
[EventDate "1981.03.18"]
[PlyCount "123"]

1.e4 e5 2.Nf3 Nc6 3.Bb5 a6 4.Ba4 Nf6 5.O-O Nxe4 6.d4 b5 7.Bb3 d5 8.dxe5 
Be6 9.Be3 Be7 10.c3 Nc5 11.Bc2 Bg4 12.Nbd2 Ne6 13.Qb1 Bh5 14.a4 b4 15.a5 
Bg6 16.c4 O-O 17.Rd1 dxc4 18.Bxg6 hxg6 19.Qe4 Na7 20.Nxc4 Qe8 21.Bxa7 Rxa7
22.Nd4 Bc5 23.Nc6 Qa8 24.Re1 Rb7 25.Rad1 Rb5 26.h4 b3 27.g3 Kh8 28.Kg2 Bb4
29.Re3 Rc5 30.Nxb4 Rxc4 31.Qxa8 Rxa8 32.Nd5 Rd8 33.Nc3 Rxd1 34.Nxd1 Rc5 
35.Rxb3 Rxa5 36.f4 Rd5 37.Rb8+ Kh7 38.Ne3 Rb5 39.Rxb5 axb5 40.Kf3 Kg8 41.
Ke4 c6 42.Nc2 Nc5+ 43.Ke3 Na4 44.b3 Nc5 45.Nd4 b4 46.Nxc6 Nxb3 47.Nxb4 f6 
48.g4 Kf7 49.Nc6 Nc5 50.Kd4 Ne6+ 51.Ke4 Nc7 52.Nd4 Ke7 53.Nc6+ Kf7 54.Nd4 
Ke7 55.Nb3 Nb5 56.Nc5 Nc3+ 57.Kf3 Nd5 58.h5 gxh5 59.gxh5 f5 60.Kg3 Kf7 61.
Kh4 g6 62.h6 1-0

[Event "20th Bosna it"]
[Site "Sarajevo YUG"]
[Date "1981.03.28"]
[Round "10"]
[White "Knezevic, Milorad"]
[Black "Cekro, Ekrem"]
[Result "1-0"]
[WhiteElo "2500"]
[BlackElo "2350"]
[EventDate "1981.03.18"]
[PlyCount "65"]

1.d4 Nf6 2.Nf3 e6 3.Bf4 c5 4.e3 Nc6 5.c3 d5 6.Nbd2 Be7 7.Ne5 O-O 8.Bd3 Bd7
9.Qf3 Ne8 10.Qh3 g6 11.Ndf3 Nxe5 12.Nxe5 f6 13.Nxd7 Qxd7 14.O-O c4 15.Bc2 
Bd6 16.Bh6 Rf7 17.e4 dxe4 18.Bxe4 f5 19.Bf3 Nf6 20.b3 Rc8 21.bxc4 Rxc4 22.
Be2 Ra4 23.Bd1 Ra6 24.Re1 Qc7 25.Bb3 Ng4 26.Rxe6 Bxh2+ 27.Kf1 Rxe6 28.Bxe6
Kh8 29.Bxf7 Qxf7 30.Re1 Qc4+ 31.Re2 Qb5 32.c4 Qxc4 33.Qc3 1-0

[Event "20th Bosna it"]
[Site "Sarajevo YUG"]
[Date "1981.03.28"]
[Round "10"]
[White "Martinovic, Slobodan"]
[Black "Drasko, Milan"]
[Result "1-0"]
[WhiteElo "2475"]
[BlackElo "2240"]
[EventDate "1981.03.18"]
[PlyCount "73"]

1.g3 d5 2.Bg2 Nf6 3.d3 c5 4.Nf3 e6 5.O-O Be7 6.Nbd2 b6 7.e4 Bb7 8.Re1 Nc6 
9.c3 Qc7 10.Qe2 Ba6 11.e5 Nd7 12.h4 O-O-O 13.Nf1 Rde8 14.N1h2 Nf8 15.Qd1 
Kb8 16.a3 f5 17.exf6 gxf6 18.b4 Bd6 19.c4 dxc4 20.dxc4 Bxc4 21.Nd2 Ba6 22.
Ne4 Be5 23.Be3 c4 24.Rc1 f5 25.Qa4 Bb7 26.Ng5 c3 27.Ngf3 Bf6 28.Nd4 Rc8 
29.Rxc3 Bxd4 30.Bxd4 b5 31.Qd1 Rd8 32.Bxc6 Bxc6 33.Rxc6 Qxc6 34.Be5+ Kc8 
35.Qc1 Qxc1 36.Rxc1+ Kb7 37.Bxh8 1-0

[Event "20th Bosna it"]
[Site "Sarajevo YUG"]
[Date "1981.03.30"]
[Round "11"]
[White "Cekro, Ekrem"]
[Black "Lukacs, Peter"]
[Result "0-1"]
[WhiteElo "2350"]
[BlackElo "2465"]
[EventDate "1981.03.18"]
[PlyCount "70"]

1.c4 e5 2.g3 Nf6 3.Bg2 c6 4.b3 d5 5.Bb2 Nbd7 6.cxd5 cxd5 7.Nf3 Bd6 8.O-O 
O-O 9.Nc3 a6 10.Ne1 d4 11.Nd5 Nxd5 12.Bxd5 Nc5 13.Bg2 Bg4 14.d3 Qd7 15.Qd2
Bh3 16.Bxh3 Qxh3 17.Nf3 Qe6 18.Rac1 a5 19.e3 Qg6 20.exd4 Nxd3 21.Rc3 e4 
22.Nh4 Qf6 23.Rc2 a4 24.bxa4 Rxa4 25.Ba1 h6 26.Qe2 Qe6 27.Qh5 f5 28.Rb1 
Qf7 29.Qxf7+ Rxf7 30.Rb6 Rb4 31.Rc8+ Kh7 32.Rxd6 Rb1+ 33.Kg2 g5 34.h3 Ne1+
35.Kh2 gxh4 0-1

[Event "20th Bosna it"]
[Site "Sarajevo YUG"]
[Date "1981.03.30"]
[Round "11"]
[White "Kelecevic, Nedeljko"]
[Black "Arapovic, Vitomir"]
[Result "1-0"]
[WhiteElo "2400"]
[BlackElo "2380"]
[EventDate "1981.03.18"]
[PlyCount "74"]

1.d4 g6 2.c4 Bg7 3.Nc3 d6 4.Nf3 Bg4 5.e3 Nc6 6.Be2 e5 7.d5 Bxf3 8.Bxf3 
Nce7 9.Qa4+ Kf8 10.Bg4 h5 11.Be2 f5 12.e4 Bh6 13.f4 Nf6 14.fxe5 dxe5 15.
Bxh6+ Rxh6 16.exf5 gxf5 17.O-O-O Kg7 18.Qa3 f4 19.g3 fxg3 20.hxg3 Nf5 21.
Bd3 Nd4 22.Rhe1 Ng4 23.Ne4 Ra6 24.Qc3 Qe7 25.Kb1 Rf8 26.c5 Rh6 27.d6 cxd6 
28.Nxd6 Rxd6 29.cxd6 Qxd6 30.Be4 b6 31.Ka1 Rf7 32.Bb1 Qf6 33.Rc1 Qf3 34.
Qc8 Qb7 35.Qd8 Qa6 36.Rc3 Qa5 37.Qg5+ Kf8 1-0

[Event "20th Bosna it"]
[Site "Sarajevo YUG"]
[Date "1981.03.30"]
[Round "11"]
[White "Klaric, Zlatko"]
[Black "Jansa, Vlastimil"]
[Result "1/2-1/2"]
[WhiteElo "2465"]
[BlackElo "2495"]
[EventDate "1981.03.18"]
[PlyCount "62"]

1.d4 Nf6 2.Nf3 g6 3.Bg5 Bg7 4.c3 O-O 5.Nbd2 d5 6.e3 b6 7.a4 c5 8.Be2 Nc6 
9.O-O Bb7 10.Qb3 Ne4 11.Nxe4 dxe4 12.Nd2 h6 13.Bh4 cxd4 14.cxd4 g5 15.Bg3 
e5 16.a5 exd4 17.a6 Bc8 18.Nxe4 Be6 19.Qa4 Ne7 20.Bd6 f5 21.Qa3 Nc8 22.
Bxf8 Bxf8 23.Qd3 fxe4 24.Qxe4 Bd5 25.Qg6+ Bg7 26.Bd3 Ne7 27.Qh7+ Kf8 28.
exd4 Qd6 29.Rae1 Rd8 30.Re2 Bf7 31.Re3 Nd5 1/2-1/2

[Event "20th Bosna it"]
[Site "Sarajevo YUG"]
[Date "1981.03.30"]
[Round "11"]
[White "Kurajica, Bojan"]
[Black "Knezevic, Milorad"]
[Result "1/2-1/2"]
[WhiteElo "2495"]
[BlackElo "2500"]
[EventDate "1981.03.18"]
[PlyCount "38"]

1.e4 e5 2.Nf3 Nf6 3.Nxe5 d6 4.Nf3 Nxe4 5.Qe2 Qe7 6.d3 Nf6 7.Nc3 c6 8.Bg5 
Qxe2+ 9.Bxe2 Be7 10.Ne4 Nxe4 11.dxe4 Bxg5 12.Nxg5 h6 13.Nf3 Ke7 14.O-O-O 
Nd7 15.Rhe1 Ne5 16.Nxe5 dxe5 17.Bc4 Be6 18.Bxe6 Kxe6 19.Rd3 Rad8 1/2-1/2

[Event "20th Bosna it"]
[Site "Sarajevo YUG"]
[Date "1981.03.30"]
[Round "11"]
[White "Osmanovic, Kemal"]
[Black "Uhlmann, Wolfgang"]
[Result "1/2-1/2"]
[WhiteElo "2395"]
[BlackElo "2475"]
[EventDate "1981.03.18"]
[PlyCount "81"]

1.Nf3 Nf6 2.g3 g6 3.Bg2 Bg7 4.O-O O-O 5.c4 d6 6.Nc3 e5 7.d3 Nh5 8.Rb1 f5 
9.Qc2 Nc6 10.Nd5 f4 11.b4 Bg4 12.b5 Bxf3 13.exf3 Nd4 14.Qd1 Nf6 15.Bb2 
Nxd5 16.Bxd4 exd4 17.cxd5 Qd7 18.Re1 Be5 19.Re2 h5 20.Rc2 Rf7 21.Rbc1 Rc8 
22.a4 g5 23.g4 Rh7 24.Bh3 Kh8 25.Qf1 h4 26.Qe2 Re7 27.Qd1 Qe8 28.Re2 Qf7 
29.Qb3 c6 30.bxc6 bxc6 31.Qc4 c5 32.Rb1 Rb7 33.Reb2 Rcb8 34.Rb5 a6 35.R5b3
Qc7 36.Bf1 Rxb3 37.Rxb3 Rb6 38.h3 Qa7 39.Rxb6 Qxb6 40.Be2 Qb2 41.Bf1 
1/2-1/2

[Event "20th Bosna it"]
[Site "Sarajevo YUG"]
[Date "1981.03.31"]
[Round "12"]
[White "Arapovic, Vitomir"]
[Black "Klaric, Zlatko"]
[Result "1/2-1/2"]
[WhiteElo "2380"]
[BlackElo "2465"]
[EventDate "1981.03.18"]
[PlyCount "87"]

1.e4 g6 2.d4 c6 3.Nf3 d5 4.Nbd2 dxe4 5.Nxe4 Nf6 6.Nxf6+ exf6 7.Bc4 Qe7+ 8.
Qe2 Qxe2+ 9.Bxe2 Bg7 10.Bf4 O-O 11.O-O-O Be6 12.c4 Rd8 13.b3 Nd7 14.Rhe1 
Rac8 15.Kb2 f5 16.Kc2 h6 17.h4 b5 18.Ne5 Nb6 19.Bf3 bxc4 20.Nxg6 cxb3+ 21.
axb3 Re8 22.Ne5 Nd5 23.Bxd5 Bxd5 24.Nc4 Rxe1 25.Rxe1 Bxc4 26.bxc4 Bxd4 27.
h5 Bxf2 28.Rf1 Bd4 29.Bxh6 Kh7 30.Bd2 Rg8 31.Rxf5 f6 32.Bc3 Rxg2+ 33.Kd3 
Rf2 34.Rxf2 Bxf2 35.Bxf6 Kh6 36.Bd4 Bxd4 37.Kxd4 Kxh5 38.Kc5 a5 39.Kxc6 a4
40.Kb7 a3 41.c5 a2 42.c6 a1=Q 43.c7 Qb2+ 44.Ka8 1/2-1/2

[Event "20th Bosna it"]
[Site "Sarajevo YUG"]
[Date "1981.03.31"]
[Round "12"]
[White "Dizdarevic, Emir"]
[Black "Cekro, Ekrem"]
[Result "1-0"]
[WhiteElo "2340"]
[BlackElo "2350"]
[EventDate "1981.03.18"]
[PlyCount "115"]

1.d4 Nf6 2.g3 e6 3.Bg2 c5 4.Nf3 Nc6 5.O-O d5 6.c4 dxc4 7.Qa4 Bd7 8.dxc5 
Bxc5 9.Qxc4 Be7 10.Nc3 Rc8 11.Rd1 O-O 12.Bf4 e5 13.Bg5 Nd4 14.Qd3 Bf5 15.
Qd2 Rxc3 16.Nxd4 Rd3 17.exd3 Qxd4 18.Qc3 Qxc3 19.bxc3 b6 20.Re1 Bc5 21.
Bxf6 gxf6 22.Be4 Be6 23.Kg2 Rd8 24.Red1 Ba3 25.Rab1 Rc8 26.c4 Rd8 27.h3 f5
28.Bf3 Rd4 29.Rb3 Bc5 30.Re1 f6 31.Bb7 Kf7 32.Bf3 Ke7 33.g4 fxg4 34.hxg4 
Bxg4 35.Re4 Bxf3+ 36.Kxf3 Rd7 37.Rh4 Ke6 38.Ke2 Rg7 39.Rb1 Kf7 40.Rbh1 Kg8
41.Rh6 Be7 42.Kf3 Rf7 43.Ke4 Bf8 44.R6h5 Rd7 45.R5h3 h6 46.Kf5 Kf7 47.Rg1 
Rd4 48.Rg4 Rxg4 49.Kxg4 Kg6 50.Rh5 Bc5 51.f4 exf4 52.Rd5 Be3 53.a4 a5 54.
d4 h5+ 55.Kf3 h4 56.c5 bxc5 57.dxc5 h3 58.c6 1-0

[Event "20th Bosna it"]
[Site "Sarajevo YUG"]
[Date "1981.03.31"]
[Round "12"]
[White "Knezevic, Milorad"]
[Black "Lukacs, Peter"]
[Result "0-1"]
[WhiteElo "2500"]
[BlackElo "2465"]
[EventDate "1981.03.18"]
[PlyCount "65"]

1.d4 d5 2.c4 e6 3.Nc3 c6 4.Bf4 dxc4 5.e4 b5 6.Nf3 Nf6 7.Qc2 Bb7 8.Be2 Nbd7
9.O-O Be7 10.Rfe1 O-O 11.Bf1 Re8 12.Rad1 a6 13.Bg5 c5 14.d5 exd5 15.e5 Nh5
16.Bxe7 Qxe7 17.Nxd5 Bxd5 18.Rxd5 Nf4 19.Rdd1 Ne6 20.Qe4 Rad8 21.a4 Nd4 
22.axb5 Nxf3+ 23.gxf3 axb5 24.f4 Nf8 25.b3 Rxd1 26.Rxd1 Qh4 27.Qf3 cxb3 
28.Bxb5 Rb8 29.Bc4 b2 30.Ba2 Ne6 31.Kh1 Qxf4 32.Qd5 g6 33.Qd6 0-1

[Event "20th Bosna it"]
[Site "Sarajevo YUG"]
[Date "1981.03.31"]
[Round "12"]
[White "Kurajica, Bojan"]
[Black "Kelecevic, Nedeljko"]
[Result "1-0"]
[WhiteElo "2495"]
[BlackElo "2400"]
[EventDate "1981.03.18"]
[PlyCount "59"]

1.d4 Nf6 2.Nf3 e6 3.c4 d5 4.Nc3 c5 5.e3 Nc6 6.a3 a6 7.dxc5 Bxc5 8.b4 Ba7 
9.Bb2 O-O 10.Qc2 dxc4 11.Bxc4 Bb8 12.Ne4 Nxe4 13.Qxe4 Qe7 14.Rc1 Kh8 15.h4
f5 16.Qc2 e5 17.h5 Be6 18.Nh4 Nd8 19.g4 fxg4 20.Ng6+ hxg6 21.hxg6+ Kg8 22.
f4 g3 23.Qe4 g2 24.Qxg2 Nf7 25.gxf7+ Qxf7 26.Qe4 Re8 27.Bd3 Qf6 28.Rh8+ 
Kf7 29.fxe5 Qg5 30.Qxb7+ 1-0

[Event "20th Bosna it"]
[Site "Sarajevo YUG"]
[Date "1981.04.01"]
[Round "13"]
[White "Cekro, Ekrem"]
[Black "Martinovic, Slobodan"]
[Result "1/2-1/2"]
[WhiteElo "2350"]
[BlackElo "2475"]
[EventDate "1981.03.18"]
[PlyCount "80"]

1.c4 g6 2.g3 Bg7 3.Bg2 Nf6 4.Nc3 O-O 5.Nf3 d6 6.d4 c6 7.O-O Qa5 8.h3 Be6 
9.Qd3 Qa6 10.Nd2 d5 11.b3 Rd8 12.Bb2 Nbd7 13.Rfc1 dxc4 14.bxc4 Ne5 15.Qc2 
Nxc4 16.Nxc4 Qxc4 17.e3 Qb4 18.a4 Qd6 19.a5 a6 20.Na4 Re8 21.Nc5 Bc8 22.
Rab1 Nd7 23.Ne4 Qe6 24.Qd2 h6 25.Ba3 Rd8 26.Qc2 Kh8 27.Rd1 f5 28.Nc5 Nxc5 
29.Qxc5 Bf6 30.d5 cxd5 31.Bxd5 Qd7 32.Bb3 Qe8 33.Rxd8 Qxd8 34.Rd1 Qe8 35.
Qc7 Kg7 36.Rd8 Qc6 37.Qxc6 bxc6 38.Be6 Bb7 39.Rd7 Bc8 40.Rd8 Bb7 1/2-1/2

[Event "20th Bosna it"]
[Site "Sarajevo YUG"]
[Date "1981.04.01"]
[Round "13"]
[White "Drasko, Milan"]
[Black "Jansa, Vlastimil"]
[Result "1/2-1/2"]
[WhiteElo "2240"]
[BlackElo "2495"]
[EventDate "1981.03.18"]
[PlyCount "37"]

1.d4 Nf6 2.c4 g6 3.Nc3 d5 4.Nf3 Bg7 5.e3 O-O 6.b4 b6 7.Qb3 c5 8.cxd5 cxd4 
9.Nxd4 Bb7 10.Bc4 a6 11.Bb2 b5 12.Be2 Nxd5 13.Bf3 Nxc3 14.Bxb7 Ra7 15.Bxc3
Rxb7 16.O-O Rc7 17.Rfd1 Qc8 18.Bb2 Nc6 19.Nf3 1/2-1/2

[Event "20th Bosna it"]
[Site "Sarajevo YUG"]
[Date "1981.04.01"]
[Round "13"]
[White "Klaric, Zlatko"]
[Black "Kurajica, Bojan"]
[Result "1/2-1/2"]
[WhiteElo "2465"]
[BlackElo "2495"]
[EventDate "1981.03.18"]
[PlyCount "23"]

1.e4 c6 2.d4 d5 3.Nc3 dxe4 4.Nxe4 Bf5 5.Ng3 Bg6 6.Nf3 Nd7 7.h4 h6 8.h5 Bh7
9.Bd3 Bxd3 10.Qxd3 Ngf6 11.Bf4 Qa5+ 12.c3 1/2-1/2

[Event "20th Bosna it"]
[Site "Sarajevo YUG"]
[Date "1981.04.01"]
[Round "13"]
[White "Osmanovic, Kemal"]
[Black "Arapovic, Vitomir"]
[Result "1/2-1/2"]
[WhiteElo "2395"]
[BlackElo "2380"]
[EventDate "1981.03.18"]
[PlyCount "100"]

1.e4 c5 2.Nf3 Nc6 3.d4 cxd4 4.Nxd4 Nf6 5.Nc3 d6 6.Be3 e5 7.Nb3 Be7 8.Be2 
O-O 9.O-O a5 10.a4 Be6 11.f4 Nb4 12.Bf3 exf4 13.Bxf4 Nxc2 14.Qxc2 Qb6+ 15.
Qf2 Qxf2+ 16.Rxf2 Bxb3 17.Rd2 Rfd8 18.Re1 Nd7 19.Bd1 Be6 20.Nb5 Nc5 21.
Bxd6 Bxd6 22.Nxd6 Ra6 23.e5 Rb6 24.Ree2 g6 25.Nb5 Rxd2 26.Rxd2 Kf8 27.Rd8+
Ke7 28.Ra8 Nd3 29.Be2 Nxb2 30.Rxa5 Bc4 31.Bf3 Bxb5 32.axb5 Nc4 33.Ra7 Rxb5
34.Bxb7 Kf8 35.e6 fxe6 36.Bc8 Rb1+ 37.Kf2 Rb2+ 38.Kf3 Ne5+ 39.Kg3 Rb3+ 40.
Kf4 Nc6 41.Rxh7 e5+ 42.Kg5 Rb6 43.Rb7 Rxb7 44.Bxb7 Ne7 45.Kf6 Nf5 46.g3 
Ne3 47.h3 Nf1 48.g4 Ng3 49.Kxe5 Kg7 50.Kf4 Nh5+ 1/2-1/2

[Event "20th Bosna it"]
[Site "Sarajevo YUG"]
[Date "1981.04.02"]
[Round "14"]
[White "Csom, Istvan"]
[Black "Cekro, Ekrem"]
[Result "1-0"]
[WhiteElo "2500"]
[BlackElo "2350"]
[EventDate "1981.03.18"]
[PlyCount "79"]

1.Nf3 Nf6 2.c4 e6 3.g3 Be7 4.Bg2 O-O 5.O-O d5 6.b3 c5 7.Bb2 Nc6 8.e3 b6 9.
Nc3 Bb7 10.cxd5 Nxd5 11.Nxd5 Qxd5 12.d4 Qf5 13.dxc5 Rad8 14.Qe2 bxc5 15.
Rfd1 Ba8 16.e4 Qg6 17.Rac1 Qh5 18.h4 f6 19.Rxd8 Rxd8 20.Rd1 Qe8 21.e5 f5 
22.Bc3 Kf7 23.Rxd8 Qxd8 24.Nd2 Bb7 25.Nc4 Qd7 26.Qe3 Nd8 27.Bxb7 Nxb7 28.
f3 g6 29.Nd2 Nd8 30.Qe2 Qc6 31.Kf2 Qb7 32.Kg2 Nc6 33.Nc4 Qd7 34.Kf2 Qd5 
35.Ne3 Qd7 36.Qa6 Qc7 37.Nc4 Nb8 38.Qb5 Nd7 39.Ba5 Qb8 40.Qxd7 1-0

[Event "20th Bosna it"]
[Site "Sarajevo YUG"]
[Date "1981.04.02"]
[Round "14"]
[White "Kelecevic, Nedeljko"]
[Black "Klaric, Zlatko"]
[Result "1-0"]
[WhiteElo "2400"]
[BlackElo "2465"]
[EventDate "1981.03.18"]
[PlyCount "63"]

1.d4 d5 2.c4 c6 3.Nf3 Nf6 4.Nc3 dxc4 5.a4 Na6 6.Ne5 Nb4 7.e3 Bf5 8.Bxc4 e6
9.O-O Bd6 10.f4 h5 11.a5 a6 12.Bd2 Ng4 13.Qf3 Bxe5 14.fxe5 Nc2 15.Ne4 O-O 
16.Nd6 Nxa1 17.Nxf5 exf5 18.Qxf5 Qh4 19.h3 Nh6 20.Qd3 c5 21.Rxa1 cxd4 22.
exd4 Nf5 23.Bc3 Qg5 24.Re1 Rad8 25.Qe4 Rfe8 26.Bd3 g6 27.d5 Nd6 28.Qd4 Nf5
29.Bxf5 Qxf5 30.Rf1 Qg5 31.e6 f6 32.Rxf6 1-0

[Event "20th Bosna it"]
[Site "Sarajevo YUG"]
[Date "1981.04.02"]
[Round "14"]
[White "Knezevic, Milorad"]
[Black "Dizdarevic, Emir"]
[Result "1-0"]
[WhiteElo "2500"]
[BlackElo "2340"]
[EventDate "1981.03.18"]
[PlyCount "82"]

1.d4 Nf6 2.c4 e6 3.Nc3 Bb4 4.Qc2 c5 5.dxc5 O-O 6.Be3 Na6 7.a3 Bxc5 8.Bxc5 
Nxc5 9.b4 Na6 10.e4 Nc7 11.e5 Ng4 12.Qe4 f5 13.Qd4 b6 14.Be2 Bb7 15.Nf3 
Qe7 16.O-O Rfd8 17.Rfd1 Nh6 18.Ne1 Nf7 19.Bf3 Bc6 20.Qe3 Rac8 21.Ne2 Ne8 
22.Rac1 Rc7 23.Bxc6 dxc6 24.Rxd8 Nxd8 25.c5 b5 26.Rd1 Rd7 27.Rd4 Nf7 28.f4
Nc7 29.Qd2 Nd5 30.Nc3 Nd8 31.Nf3 a5 32.h3 Ra7 33.Rd3 axb4 34.axb4 Ra1+ 35.
Kh2 g6 36.Nd4 Kf7 37.Nxd5 exd5 38.e6+ Ke8 39.Qe3 h6 40.Qe5 Ra7 41.Qd6 Rc7 
1-0